000 00277nam a2200121Ia 4500
008 190216s9999||||xx |||||||||||||| ||und||
100 _aDeviprasad Varma
245 0 _aHindi-Dard Bari Yathra
260 _bSahithya Vani
_c2008
300 _a138
650 _aHindi
942 _cBK
999 _c16581
_d16581